| 000 | 00958nam a2200265Ia 4500 | ||
|---|---|---|---|
| 003 | OSt | ||
| 005 | 20221005110335.0 | ||
| 006 | a|||||r|||| 00| 0 | ||
| 007 | ta | ||
| 008 | 221004b |||||||| |||| 00| 0 hin d | ||
| 020 |
_a9788179751749 (hbk) _c450 |
||
| 024 | _a90237 | ||
| 037 |
_b462, 24/03/2008, Swaraj Prakashan _cTextual |
||
| 040 |
_aCRL _cCRL _bhin |
||
| 041 |
_2hin _ahin |
||
| 082 | _aO152,6N268x, P8 | ||
| 100 | _aकपूर, मस्तराम | ||
| 245 | 0 | _aनैतिक लोकतंत्र की तलाश | |
| 246 | _aNaitik lokatantra kī talāsha | ||
| 260 |
_aनई दिल्ली _bअनामिका पब्लिशर्स भारत _c2008 |
||
| 300 |
_a348पृ0 _ccm. |
||
| 650 | _aहिन्दी साहित्य | ||
| 942 |
_hO152,6N268x, P8 _cTEXL _2cc |
||
| 999 |
_c1018502 _d1018502 |
||